| 000 | 00382nam a2200157Ia 4500 | ||
|---|---|---|---|
| 100 | _aVercellis/Carlo | ||
| 650 | _aDatamining | ||
| 942 | _cBK | ||
| 366 | _f27 | ||
| 245 | _aBusiness Intlelligence:Datamining and optimization for decision making | ||
| 260 |
_bWiley Interscience _c2009 |
||
| 082 |
_a5.74 _bVER |
||
| 300 | _a417 | ||
| 546 |
_aENGLISH _celectronics |
||
| 999 |
_c32828 _d32828 |
||